Universal constants in physics
Uloženo v:
| Hlavní autor: | |
|---|---|
| Médium: | Kniha |
| Jazyk: | angličtina |
| Vydáno: |
Nueva York
McGraw-Hill
1993
|
| Edice: | The McGraw-Hill Horizons of Science Series
|
| Témata: | |
| Tagy: |
Přidat tag
Žádné tagy, Buďte první, kdo vytvoří štítek k tomuto záznamu!
|
MARC
| LEADER | 00000nam a2200000 a 4500 | ||
|---|---|---|---|
| 001 | UCH2489 | ||
| 003 | CL-VaPUC | ||
| 008 | 090618e19930000US |||||||||||||||||eng|d | ||
| 020 | |a 0070116512 | ||
| 082 | 0 | 4 | |a 530.81 |b COH |2 21 |
| 100 | 0 | |a Cohen-Tannoudji, Gilles |e author |9 537335 | |
| 245 | 1 | 0 | |a Universal constants in physics |
| 300 | |a 116 p | ||
| 942 | |c BK | ||
| 945 | |d 20090618 00:00:00 |a rbrito | ||
| 260 | |a Nueva York |b McGraw-Hill |c 1993 | ||
| 650 | 7 | |a CONSTANTES FISICAS |2 CL-VaPUC |9 263721 | |
| 650 | 0 | |a Relatividad |9 269977 | |
| 650 | 0 | |a Termodinámica |9 259320 | |
| 650 | 0 | |a Teoría cuántica |9 266148 | |
| 583 | |a last modification |c 20090618 00:00:00 |k Rodrigo Vera | ||
| 490 | 0 | |a The McGraw-Hill Horizons of Science Series | |
| 999 | |c 334220 |d 334218 | ||
| 952 | |0 0 |1 0 |4 0 |6 530_810000000000000_COH_1993 |7 0 |8 A |9 423080 |a BIBCUR |b BIBCUR |d 2019-11-22 |i 4534832 |l 1 |o 530.81 COH 1993 |p 4534832 |r 2025-04-22 |s 2024-04-29 |w 2019-11-22 |y BK |k FIS | ||